Leeds top UK city (Record no. 73913)

MARC details
000 -LEADER
fixed length control field 00968cam a2200217 4500
001 - CONTROL NUMBER
control field WB3946-05
008 - FIXED-LENGTH DATA ELEMENTS--GENERAL INFORMATION
fixed length control field 031202n2003 000 0 eng u
035 ## - SYSTEM CONTROL NUMBER
System control number (Sirsi) u124549
245 ## - TITLE STATEMENT
Title Leeds top UK city
260 ## - PUBLICATION, DISTRIBUTION, ETC.
Date of publication, distribution, etc. 2003
490 ## - SERIES STATEMENT
Series statement Planning (for the Natural and Built Environment)
Volume/sequential designation 28 November 2003, 4(1)
520 ## - SUMMARY, ETC.
Summary, etc. Leeds is the UK's best city to live in, according to research by Henley Management College. The poll measured residents' attitudes in Britain's eight largest cities, towards public transport, amenities, cleanliness and entertainment. Birmingham and Liverpool came second and third. London which came only sixth, scored high marks for entertainment but scored poorly on other public issues. "Urban behaviours" is available at http://www.teleconomy.co.uk.
590 ## - LOCAL NOTE (RLIN)
Local note WB
650 ## - SUBJECT ADDED ENTRY--TOPICAL TERM
Topical term or geographic name entry element RANKINGS
650 ## - SUBJECT ADDED ENTRY--TOPICAL TERM
Topical term or geographic name entry element LEEDS
650 ## - SUBJECT ADDED ENTRY--TOPICAL TERM
Topical term or geographic name entry element BIRMINGHAM
650 ## - SUBJECT ADDED ENTRY--TOPICAL TERM
Topical term or geographic name entry element LIVERPOOL
650 ## - SUBJECT ADDED ENTRY--TOPICAL TERM
Topical term or geographic name entry element LONDON
690 ## - LOCAL SUBJECT ADDED ENTRY--TOPICAL TERM (OCLC, RLIN)
Topical term or geographic name as entry element ECONOMIC ISSUES
942 ## - ADDED ENTRY ELEMENTS (KOHA)
Suppress in OPAC 0
Holdings
Withdrawn status Lost status Source of classification or shelving scheme Damaged status Not for loan Home library Current library Shelving location Date acquired Total Checkouts Full call number Barcode Date last seen Copy number Price effective from Koha item type
    Dewey Decimal Classification     London London News article 02/12/2003   WB3946-05 124549-1001 06/08/2019 1 06/08/2019 News article